000 00684nam a2200253Ia 4500
008 160901s9999 xx 000 0 und d
020 _a0-321-25582-8
050 _aComSc HF 5548.4
050 _b.M523L36 2005
100 _aLanger, Maria.
245 _aCreating spreadsheets and charts in Excel /
245 _cMaria Langer.
260 _aBerkeley, Calif. : 
260 _bPeachpit
260 _c2005
300 _a127 pages :
300 _bill. ;
300 _c23 cm.
440 _aVisual QuickProject
500 _aIncludes index.
650 _aBusiness -- Computer programs.
650 _aOperating systems (Computers).
650 _xElectronic spreadsheets.
999 _c300850
_d300850